[Event "Madrid Codes Memorial 11th"]
[Site "Madrid"]
[Date "2017.05.28"]
[Round "7"]
[White "Medina Lucena, Emilio"]
[Black "Ruiz Castro, Manuel"]
[Result "0-1"]
[WhiteElo "1334"]
[BlackElo "1689"]
[PlyCount "79"]
[EventDate "2017.04.02"]
[EventType "swiss"]
[EventRounds "9"]
[EventCountry "ESP"]
[SourceTitle "EXT 2019"]
[Source "ChessBase"]
[SourceDate "2018.10.10"]
[SourceVersion "1"]
[SourceVersionDate "2018.10.10"]
[SourceQuality "1"]

1. d4 d5 2. Nf3 c6 3. c4 e6 4. Nc3 Nf6 5. cxd5 exd5 6. Bg5 Be7 7. e3 0-0 8. Be2 h6 9. Bh4 Bf5 10. 0-0 Ne4 11. Bxe7 Qxe7 12. Rc1 Nd7 13. a3 Ng5 14. Nh4 Bh7 15. f4 Nh3+ 16. gxh3 Qxh4 17. Bg4 Nf6 18. Qf3 Rae8 19. Rce1 Ne4 20. Nxe4 Bxe4 21. Qg3 Qf6 22. f5 Re7 23. Rf4 Rfe8 24. Kf2 Bd3 25. Be2 Rxe3 26. Qxe3 Rxe3 27. Kxe3 Be4 28. b4 Qg5 29. Bg4 h5 30. f6 hxg4 31. Rg1 Qh5 32. Rgxg4 g5 33. h4 Bg6 34. Rxg5 Qd1 35. Kf2 Qd2+ 36. Kg3 Kf8 37. Re5 Be4 38. Rf2 Qe3+ 39. Kg4 Qxf2 40. Rh5 0-1

[Event "Madrid Codes Memorial 9th"]
[Site "Madrid"]
[Date "2015.04.26"]
[Round "4"]
[White "Ruiz Castro, Manuel"]
[Black "Garcia Maurino Ayora, Gabriel"]
[Result "1-0"]
[WhiteElo "1729"]
[BlackElo "1554"]
[PlyCount "125"]
[EventDate "2015.03.29"]
[EventType "swiss"]
[EventRounds "9"]
[EventCountry "ESP"]
[SourceTitle "EXT 2019"]
[Source "ChessBase"]
[SourceDate "2018.10.10"]
[SourceVersion "1"]
[SourceVersionDate "2018.10.10"]
[SourceQuality "1"]

1. e4 c5 2. Nf3 d6 3. c3 Bg4 4. Be2 Bxf3 5. Bxf3 Nc6 6. d3 Nf6 7. h3 h6 8. Be3 e5 9. Nd2 b5 10. Nb3 a6 11. 0-0 Be7 12. Be2 0-0 13. f4 Nd7 14. Nd2 Qc7 15. Nf3 f6 16. Nh2 Nb6 17. Bg4 d5 18. Bf5 dxe4 19. dxe4 Bd6 20. Qh5 Ne7 21. Be6+ Kh8 22. f5 Ng8 23. Ng4 Rfd8 24. Rad1 Bf8 25. b3 Qe7 26. Kf2 Rab8 27. Ke2 Na8 28. Qg6 Qe8 29. Qxe8 Rxe8 30. Rd7 Re7 31. Rfd1 Nb6 32. Rd8 Re8 33. Rxe8 Rxe8 34. b4 Na4 35. Bd2 c4 36. Be1 Nb2 37. Rd7 Nd3 38. Ra7 Nf4+ 39. Kf3 Nxe6 40. fxe6 Rxe6 41. Ne3 Bd6 42. Rxa6 f5 43. Nxf5 Rf6 44. Rxd6 Rf7 45. Ke3 Nf6 46. Bg3 Nd7 47. Rd5 Kh7 48. Rxb5 g6 49. Nd6 Rf6 50. Nxc4 Rc6 51. Kd3 Nf6 52. Nxe5 Rd6+ 53. Ke3 g5 54. Rb7+ Kg8 55. Ng4 Re6 56. Nxf6+ Rxf6 57. a4 g4 58. hxg4 h5 59. a5 h4 60. Bf4 h3 61. gxh3 Kf8 62. g5 Ra6 63. Rb6 1-0

[Event "Madrid-ch Seniors"]
[Site "Madrid"]
[Date "2014.01.09"]
[Round "3"]
[White "Ruiz Castro, Manuel"]
[Black "Camarero Izquierdo, Juan Carlos"]
[Result "0-1"]
[WhiteElo "1722"]
[BlackElo "1859"]
[PlyCount "53"]
[EventDate "2014.01.07"]
[EventType "swiss"]
[EventRounds "9"]
[EventCountry "ESP"]
[SourceTitle "CBM 158 Extra"]
[Source "ChessBase"]
[SourceDate "2014.02.28"]
[SourceVersion "1"]
[SourceVersionDate "2014.02.28"]
[SourceQuality "1"]

1. e4 c5 2. Nf3 d6 3. d4 cxd4 4. Nxd4 Nf6 5. Nc3 a6 6. Bg5 e6 7. a3 Be7 8. Bd3 0-0 9. 0-0 b5 10. Kh1 Bb7 11. f3 Nbd7 12. f4 Rc8 13. Qe2 Qb6 14. Nf3 Rfe8 15. Qf2 Qc7 16. Rae1 Nf8 17. Qg3 Ng6 18. Nh4 Nh5 19. Qg4 Nxh4 20. Qxh4 g6 21. Bxe7 Rxe7 22. f5 exf5 23. exf5 Rce8 24. Be4 Qc4 25. g4 Rxe4 26. Nxe4 Rxe4 27. Qd8+ 0-1

[Event "Madrid-ch Previa-A"]
[Site "Madrid"]
[Date "2012.02.20"]
[Round "7"]
[White "Ruiz Castro, Manuel"]
[Black "Perez Nunez Castillo, Jose Antonio"]
[Result "1/2-1/2"]
[WhiteElo "1735"]
[BlackElo "1633"]
[PlyCount "116"]
[EventDate "2012.02.06"]
[EventType "swiss"]
[EventRounds "9"]
[EventCountry "ESP"]
[SourceTitle "CBM 147 Extra"]
[Source "ChessBase"]
[SourceDate "2012.04.24"]
[SourceVersion "1"]
[SourceVersionDate "2012.04.24"]
[SourceQuality "1"]

1. e4 c6 2. d4 d5 3. exd5 cxd5 4. c3 Nf6 5. Nf3 Nc6 6. h3 h6 7. Bd3 e6 8. 0-0 Bd6 9. Nbd2 Qc7 10. Nb3 b6 11. Be3 0-0 12. Qd2 Ne4 13. Bxe4 dxe4 14. Ne1 f5 15. Qd1 Ba6 16. d5 Bxf1 17. Kxf1 exd5 18. Qxd5+ Kh8 19. Nd4 Nxd4 20. Bxd4 Rad8 21. Qe6 Qf7 22. Qxh6+ Kg8 23. Qg5 Rfe8 24. Nc2 Bc5 25. Rd1 Bxd4 26. Nxd4 Qe7 27. Qxf5 Qd7 28. Qxd7 Rxd7 29. Re1 Rde7 30. Re3 Rf7 31. Ke2 Ref8 32. f3 exf3+ 33. Nxf3 Rf5 34. b4 a5 35. a3 axb4 36. axb4 b5 37. g4 R5f6 38. Nd4 Rf2+ 39. Kd3 Rd8 40. Rg3 Rf6 41. h4 g6 42. Kc2 Rd5 43. h5 Kh7 44. hxg6+ Kxg6 45. g5 Rf7 46. Kb3 Rc7 47. Ne6 Rf7 48. Nd4 Rc7 49. Re3 Rf7 50. Nc6 Kxg5 51. Re5+ Rxe5 52. Nxe5 Rc7 53. Nf3+ Kf4 54. Nd4 Rb7 55. Ne6+ Ke5 56. Nc5 Rf7 57. Na6 Kd6 58. Nc5 Rf5 1/2-1/2